[Event "P-3605"]
[Site "IECC email"]
[Date "2004.01.26"]
[Round "?"]
[White "Prechac, Christophe"]
[Black "Lagas, Peter"]
[Result "0-1"]
[WhiteElo "1558"]
[BlackElo "1770"]
[PlyCount "56"]
[EventDate "2004.??.??"]
[EventType "tourn (corr)"]
[SourceTitle "Corr 2020"]
[Source "ChessBase"]
[SourceDate "2019.09.30"]
[SourceVersion "1"]
[SourceVersionDate "2019.09.30"]
[SourceQuality "1"]
[WhiteTeam "France"]
[BlackTeam "Netherlands"]
[WhiteTeamCountry "FRA"]
[BlackTeamCountry "NED"]

1. e4 c5 2. Nf3 d6 3. Bb5+ Bd7 4. Qe2 g6 5. Bxd7+ Qxd7 6. d4 cxd4 7. Nxd4 Bg7 8. Be3 Nc6 9. c3 Nf6 10. f3 0-0 11. 0-0 d5 12. Nxc6 Qxc6 13. e5 Nd7 14. Bd4 a6 15. Nd2 e6 16. f4 Rfd8 17. a4 b5 18. axb5 axb5 19. b4 Nb6 20. Ra5 Rxa5 21. bxa5 Na4 22. Rb1 Nxc3 23. Bxc3 Qxc3 24. Rxb5 Bf8 25. Nb3 Bb4 26. a6 Qxb3 27. a7 Qa3 28. Rb8 Qxa7+ 0-1

[Event "IECC M-4913"]
[Site "IECC email"]
[Date "2004.01.06"]
[Round "?"]
[White "Baker, Matt"]
[Black "Prechac, Christophe"]
[Result "1-0"]
[WhiteElo "1626"]
[BlackElo "1571"]
[PlyCount "81"]
[EventDate "2004.??.??"]
[EventType "tourn (corr)"]
[EventRounds "10"]
[SourceTitle "Corr 2020"]
[Source "ChessBase"]
[SourceDate "2019.09.30"]
[SourceVersion "1"]
[SourceVersionDate "2019.09.30"]
[SourceQuality "1"]
[WhiteTeam "United States"]
[BlackTeam "France"]
[WhiteTeamCountry "USA"]
[BlackTeamCountry "FRA"]

1. e4 c5 2. Nf3 Nc6 3. d4 cxd4 4. Nxd4 g6 5. c4 Nf6 6. Nc3 d6 7. Be2 Bg7 8. Be3 0-0 9. 0-0 Bd7 10. Qd2 Nxd4 11. Bxd4 Bc6 12. Bd3 a5 13. Rae1 a4 14. Nd5 Nd7 15. Qe3 Bxd4 16. Qxd4 e5 17. Qe3 Bxd5 18. cxd5 Nc5 19. f4 exf4 20. Rxf4 Nxd3 21. Qxd3 Qb6+ 22. Rf2 Ra5 23. g3 Rb5 24. Qc3 Rb4 25. e5 Rd4 26. e6 fxe6 27. Rxf8+ Kxf8 28. Kg2 e5 29. Qf3+ Kg7 30. Rf1 Rd2+ 31. Kh3 Qd8 32. Qf7+ Kh6 33. g4 Rxb2 34. Rg1 Qc8 35. Qf6 Qd7 36. Kg3 Qc8 37. Kh4 Rxh2+ 38. Kg3 Qc2 39. Qf8+ Kg5 40. Qe7+ Kh6 41. g5+ 1-0

[Event "IECC M email"]
[Site "IECC email"]
[Date "2003.08.20"]
[Round "?"]
[White "Prechac, Christophe"]
[Black "Van Alphen, John"]
[Result "1-0"]
[WhiteElo "1540"]
[BlackElo "1500"]
[PlyCount "59"]
[EventDate "2003.??.??"]
[EventType "tourn (corr)"]
[EventRounds "6"]
[SourceTitle "Corr 2008"]
[Source "ChessBase"]
[SourceDate "2008.06.24"]
[SourceVersion "1"]
[SourceVersionDate "2008.06.24"]
[SourceQuality "1"]

1. e4 e5 2. Nf3 Nc6 3. Bb5 Nf6 4. 0-0 Nxe4 5. d4 Nd6 6. Bxc6 bxc6 7. dxe5 Nf5 8. Bg5 Be7 9. Bxe7 Qxe7 10. Qd3 Nh4 11. Nxh4 Qxh4 12. Qg3 Qh6 13. c4 0-0 14. Nc3 Bb7 15. Ne4 Kh8 16. Nc5 Bc8 17. Rad1 Rd8 18. Rfe1 Qh5 19. Qf3 Qxf3 20. gxf3 Rb8 21. b3 a5 22. h4 d5 23. exd6 cxd6 24. Rxd6 Rf8 25. Rxc6 h6 26. Rd6 Bf5 27. Nd7 Bxd7 28. Rxd7 Ra8 29. Ree7 Ra6 30. Ra7 1-0